Library Banner

Fit & well: (Record no. 21672)

MARC details
000 -LEADER
fixed length control field 00610nam a2200217Ia 4500
001 - CONTROL NUMBER
control field 21359
008 - FIXED-LENGTH DATA ELEMENTS--GENERAL INFORMATION
fixed length control field 140408s9999 xx 000 0 und d
020 ## - INTERNATIONAL STANDARD BOOK NUMBER
International Standard Book Number 0-7674-0535-8
040 ## - CATALOGING SOURCE
Transcribing agency PK-LaUMT
082 ## - DEWEY DECIMAL CLASSIFICATION NUMBER
Classification number 613.7043
Item number FAH-F
100 ## - MAIN ENTRY--PERSONAL NAME
Personal name Paul M. Insel
245 ## - TITLE STATEMENT
Title Fit & well:
Remainder of title core concepts and labs in physical fitness and welness
Statement of responsibility, etc Paul M. Insel<>Thomas D. Fahey<>Walton T. Roth
250 ## - EDITION STATEMENT
Edition statement 3rd
260 ## - PUBLICATION, DISTRIBUTION, ETC. (IMPRINT)
Place of publication, distribution, etc Mountain View,USA:
Name of publisher, distributor, etc Mayfield Publishing Co.,
Date of publication, distribution, etc 1998
300 ## - PHYSICAL DESCRIPTION
Extent 374 p.
546 ## - LANGUAGE NOTE
Language note EN
650 ## - SUBJECT ADDED ENTRY--TOPICAL TERM
Topical term or geographic name as entry element Health
700 ## - ADDED ENTRY--PERSONAL NAME
Personal name Thomas D. Fahey
700 ## - ADDED ENTRY--PERSONAL NAME
Personal name Walton T. Roth
942 ## - ADDED ENTRY ELEMENTS (KOHA)
Koha item type Books
Holdings
Withdrawn status Lost status Damaged status Not for loan Home library Current library Date acquired Total Checkouts Full call number Barcode Date last seen Date checked out Price effective from Koha item type
        UMT Main Campus UMT Main Campus 2014-04-08 22 613.7043 FAH-F 24229 2023-02-21 2023-02-14 2014-04-23 Books